00816nam a2200205 a 450000100100000000500170001000800410002702000180006804000250008608200210011110000430013224500580017526000430023330000260027650400260030259000270032895201190035595201190047499900170059300004687920201002053159.0180405s2004 dr 000 0 spa d a978994544400X aDO-SdBNPbspacBNPHU axxxbC965e, 2do.1 aCuello del Orbe, Elisa Ysabel /97400110aEducación sexual 2 /cElisa Ysabel Cuello del Orbe. aSanto Domingo, :bActualidad,c[20--]. a56p. :bil. ;c28 cm. aBibliografía: p. 56 aInventariado, 2018/MFF 0010718PDaPDbPDcHDd2018-04-05iLF1l0oxxx C965e, 2do.p46879-10r2020-06-25w2020-06-25yLFPDZNo se presta 0010718PDaPDbPDcHDd2018-04-05iLF1l0oxxx C965e, 2do.p46879-20r2020-06-25w2020-06-25yLFPDZNo se presta c46368d46368